Colibri
में बचाया:
| मुख्य लेखक: | |
|---|---|
| स्वरूप: | पुस्तक |
| भाषा: | Undetermined |
| प्रकाशित: |
Bogotá, Colombia
La oveja negra
1985
|
| विषय: | |
| टैग: |
टैग जोड़ें
कोई टैग नहीं, इस रिकॉर्ड को टैग करने वाले पहले व्यक्ति बनें!
|
MARC
| LEADER | 00000nam a2200000Ia 4500 | ||
|---|---|---|---|
| 008 | 170316s9999 xx 000 0 und d | ||
| 040 | |a cru BVZT | ||
| 090 | |a 860 S-16.1c | ||
| 100 | |a Sarduy, Severo | ||
| 245 | |a Colibri | ||
| 260 | |a Bogotá, Colombia | ||
| 260 | |b La oveja negra | ||
| 260 | |c 1985 | ||
| 300 | |a 157 páginas | ||
| 650 | |a LITERATURA LATINOAMERICANA | ||
| 999 | |c 9195 |d 9195 | ||
| 942 | |c 15 D |h 860 S-16.1c |2 z | ||
